Les clefs de Mallarmé

Gardado en:
Detalles Bibliográficos
Autor Principal: Chassé, Charles
Formato: Libro
Idioma:Undetermined
Publicado: París, Francia Montaigne 1954
Materias:
Etiquetas: Engadir etiqueta
Sen Etiquetas, Sexa o primeiro en etiquetar este rexistro!

MARC

LEADER 00000nam a2200000Ia 4500
008 170316s9999 xx 000 0 und d
040 |a cru BVZT 
090 |a 840 Ch-1c 
100 |a Chassé, Charles 
245 |a Les clefs de Mallarmé 
260 |a París, Francia 
260 |b Montaigne 
260 |c 1954 
300 |a 238 páginas 
650 |a LITERATURA FRANCESA 
942 0 0 |0 1 
999 |c 7620  |d 7620